Responses for show #447 - Tuesday, May 27, 1986

Marvin Shinkman game 2.

Contestants

Greg Asbagh, a student from San Jose, California

Jackie Finn, a medical technician and lab supervisor from Timonium, Maryland

Marvin Shinkman, a stamp dealer from Van Nuys, California (whose 1-day cash winnings total $9,801)

Jeopardy! Round responses

MOVIES
NEWSCASTERS
PEACE
KANSAS
NONPOTENT POTABLES
POTPOURRI
    $100 1
Connie Francis

Jackie
    $100 8
Peter Jennings

Greg
    $100 5
Peace Corps

Greg
    $100 16
wheat

Jackie
    $100 26
[The end-of-round signal sounds.]

tea

Jackie
    $100 17
yellow

Marvin
    $200 2
Help!

Jackie
    $200 9
Diane Sawyer

Greg
    $200 6
(Marvin: What is the Nobel Prize?)
(Alex: More specific.)

Nobel Peace Prize

Marvin
    $200 18
Boot Hill

Greg
    $200 20
Oral Roberts

Jackie
    $300 3
E.T.

Triple Stumper
    $300 10
(Greg: Who is Roger Mudd?)

Connie Chung

Greg
Triple Stumper
    $500 7
(Marvin: I have no idea.)
...
(Alex: The song is called "Peace Train" and the man who is performing it is [*].)

[The song was played going into the break.]

Cat Stevens

Marvin
    $300 19
the sunflower

Triple Stumper
    $300 22
(Jackie: What are Levis [*]?)

jeans

Jackie
    $400 4
Sonny & Cher

Greg
    $400 11
Huntley & Brinkley

Jackie
    $400 13
(Marvin: What is time?)

honor

Marvin
Triple Stumper
    $400 21
(Alex: We've got a minute to go in the round.)

small airplanes

Marvin
    $400 23
(Marvin: Who is Fred Flintstone?)

Alley Oop

Marvin
Triple Stumper
    $500 12
Errol Flynn

Greg
    $500 14
Edward R. Murrow

Marvin
    $500 15
Peace and Freedom Party

Marvin
    $500 25
(Marvin: What is the [*] Clinic?)

Menninger

Marvin
    $500 24
Babe Ruth's 60th home run

Marvin

Scores at the first commercial break (after clue 10):

Marvin Jackie Greg
-$300 $300 $500

Scores at the end of the Jeopardy! Round:

Marvin Jackie Greg
$1,400 $1,400 $1,200

Double Jeopardy! Round responses

ART
U.S. HISTORY
EDUCATION
BOOKS & AUTHORS
DISCOVERIES
BEGINS & ENDS WITH "A"
    $200 26
the Campbell Soup Company

Jackie
    $200 2
Mathew Brady

Marvin
    $200 11
Bill Cosby

Greg
    $200 14
Mississippi

Jackie
    $200 21
(Alex: We've got about a minute to go in the round.)

tobacco

Marvin
    $200 1
angora

Marvin
    $400 3
vice president

Greg
    $400 12
(Alex: 17% today, by the way.)

4

Marvin
    $400 15
Nostradamus

Marvin
    $400 22
Mae West

Marvin
    $400 7
alfalfa

Marvin
    $1,000 4
(Greg: Haven't got a clue.)
...
(Alex: Lucy Stone was a women's rights advocate.)

their maiden name

Greg
    $600 13
(school) teaching (elementary)

Jackie
    $600 16
a priest

Marvin
    $600 23
saccharin

Greg
    $600 8
a cappella

Marvin
    $800 28
[The end-of-round signal sounds.]

Rembrandt

Jackie
    $800 5
(Greg: Who is John F. Kennedy?)

Lyndon Johnson

Greg
Triple Stumper
    $800 19
(Maria) Montessori

Marvin
    $800 17
Colette

Jackie
    $800 24
(Pierre) Curie

Marvin
    $1,000 9
Alexandria

Marvin
    $1000 27
Jackson Pollock

Jackie
    $1000 6
Utah

Triple Stumper
    $1000 20
our own ignorance

Triple Stumper
    $1000 18
Larry McMurtry

Triple Stumper
    $1000 25
(Greg: What is Uranus & Neptune?)
(Marvin: What is Pluto & Uranus?)
(Jackie: What is Pluto & Uranus?)

Pluto & Neptune

MarvinJackieGreg
Triple Stumper
    $1000 10
[Scattered applause for Marvin sweeping the category.]

Andorra

Marvin

Scores at the end of the Double Jeopardy! Round:

Marvin Jackie Greg
$7,400 $4,000 -$400

[wagering suggestions for these scores]

Final Jeopardy! Round responses

SEPTEMBER
JackieWho are Garfield & McKinley?
$4,000
MarvinWho were Garfield & McKinley
$601
Garfield & McKinley

Final scores:

Marvin Jackie Greg
$8,001 $8,000 -$400
2-day champion: $17,802 2nd place: trip on Delta to Miami & stay at Marco Polo Hotel 3rd place: Frigidaire microwave oven

Game dynamics:

Coryat scores:

Marvin Jackie Greg
$7,700 $4,000 $600
20 R
(including 1 DD),
4 W
(including 1 DD)
13 R,
1 W
9 R,
4 W
(including 1 DD)

Combined Coryat: $12,300

The J! Archive is created by fans, for fans. The Jeopardy! game show and all elements thereof, including but not limited to copyright and trademark thereto, are the property of Jeopardy Productions, Inc. and are protected under law. This website is not affiliated with, sponsored by, or operated by Jeopardy Productions, Inc. Join the discussion at JBoard.tv.